000 00377nam a2200145Ia 4500
008 240624s9999 xx 000 0 und d
041 _aeng
082 _a658.4092 KLE
100 _aKLENKE KARIN
245 _aQUALITATIVE RESEARCH IN THE STUDY OF LEA
250 _a(2nd ed.)
260 _c2016
_aUnited Kingdom
_bEmerald
300 _axvii, 399 p.; 24 cm.
365 _cBPS
_b38
999 _c29141
_d29141